| 000 | 01148nam a2200229 a 4500 | ||
|---|---|---|---|
| 001 | 59918 | ||
| 003 | BD-RjUL | ||
| 005 | 20211209080800.0 | ||
| 008 | 161217r19831978ii ||||| |||| 00| 0 ben d | ||
| 035 | _a(BD-RjUL)60042 | ||
| 040 |
_aBD-RjUL _bben _cBD-RjUL _dBD-RjUL |
||
| 041 | _aben | ||
| 082 |
_223 _a323.095492 _bPAA 1983 |
||
| 100 |
_aপারুলেকর, গাদাবরী _9177242 |
||
| 245 | 1 | 0 |
_aআদিবাসী বিদ্রোহ : _bওয়ারলি কৃষকদের সংগ্রাম কাহিনী / _cগাদাবরী পারুলেকর, অনুবাদঃ প্রভাস ফদিকার |
| 260 |
_aকলকাতা : _bন্যাশনাল বুক এজেন্সী, _c১৯৭৮ [মুদ্রণ ১৯৮৩] |
||
| 300 |
_a[১৪], ২৩২ পৃ. ; _c২৩ সেমি. |
||
| 650 |
_aনাগরিক ও রাজনৈতিক অধিকার _zবাংলাদেশ _9178236 |
||
| 650 |
_aCivil and Political Right _zBangladesh _9178237 |
||
| 700 |
_aফদিকার, প্রভাস অনুবাদঃ _9177699 |
||
| 942 |
_2ddc _cBK |
||
| 999 |
_c59918 _d59918 |
||